000 00804cam a22002653a 4500
001 2376
003 PGUSA
005 20140828083014.0
008 001001s2000||||xxu|||||s|||||000 | eng d
040 _aPGUSA
_beng
042 _adc
050 4 _aE151
100 1 _aWashington, Booker T.,
_d1856-1915
245 1 0 _aUp from Slavery :
_bAn Autobiography
_h[electronic resource] /
_cBooker T. Washington
260 _bProject Gutenberg,
_c2000
506 _aPublic domain in the USA.
516 _aElectronic text
653 _aTuskegee Institute
653 _aEducators -- United States -- Biography
653 _aWashington, Booker T., 1856-1915
653 _aAfrican Americans -- Biography
830 0 _aProject Gutenberg
_v2376
856 4 0 _uhttp://www.gutenberg.org/ebooks/2376
942 _cEB
999 _c231713
_d231713